| 000 | 00438nam a2200181Ia 4500 | ||
|---|---|---|---|
| 003 | LK-CoDNM | ||
| 005 | 20241206144501.0 | ||
| 008 | 010623t xxu||||| |||| 00| 1 eng d | ||
| 040 |
_aLK-CoDNM _dLK-CoDNM _eLK-CoDNM |
||
| 041 | _aeng | ||
| 080 | _a294.341(23) | ||
| 100 | _aDevendra,Kusuma. | ||
| 245 | _aSati in Buddhist Meditation | ||
| 260 |
_bSathara _aMaharagama |
||
| 300 | _b132p. ; 21 cm | ||
| 650 | _aBUDDHIST | ||
| 942 | _cBK | ||
| 999 |
_c135551 _d135551 |
||